000 00862nas a2200277 4500
001 BR2013010677
003 BR-BrBNA
005 20231205123504.0
007 ta
008 230509b bl.|||p| |||| 00| 00por d
040 _aBR-BrBNA
_bpor
_cBiblioteca Nacional de Agricultura
041 _a(Pt)
072 _aP33; F06; N20
100 1 _aSimões, W.L.
100 1 _aFigueirêdo, V.B.
100 1 _aSilva, E.L. da
245 1 _aUso do cilindro infiltrômetro único em diferentes solos
650 _aINFILTRAÇÃO
650 _aRELAÇÃO SOLO-ÁGUA
650 _aFÍSICA DO SOLO
650 _aIRRIGAÇÃO
773 0 _tEngenharia Agrícola (Brazil)
_xISSN 0100-6916
_g(May-Aug 2005), v. 25(2) p. 359-366
_wBR2013010677
856 4 0 _uhttp://www.scielo.br/pdf/eagri/v25n2/26498.pdf
909 _a202311
_bLúcia
_c55
_dLúcia Elande
942 _2AGRIS
_n0
_cANA
999 _c234155
_d234155